La iglesia en Chile: contexto histórico

Na minha lista:
Detalhes bibliográficos
Autor principal: Aliaga Rojas, Fernando (Autor)
Formato: Livro
Idioma:espanhol
Publicado em: Santiago Pontificia Universidad Católica de Chile 1985
Assuntos:
Tags: Adicionar Tag
Sem tags, seja o primeiro a adicionar uma tag!

MARC

LEADER 00000nam a2200000 a 4500
001 UCT7980
003 CL-VaPUC
008 970317e19850000CL |||||||||||||||||spa|d
082 0 4 |a 278.3  |b ALI  |2 21 
100 0 |a Aliaga Rojas, Fernando  |e author  |9 379371 
245 1 3 |a La iglesia en Chile: contexto histórico 
300 |a 198 p 
942 |c BK 
945 |d 19970317 00:00:00  |a paguirre 
260 |a Santiago  |b Pontificia Universidad Católica de Chile  |c 1985 
650 0 |a Iglesia Católica  |9 256114 
650 0 |a Historia  |9 255047 
650 0 |a Iglesia y Estado  |9 254995 
650 7 |a REFORMA RELIGIOSA  |2 CL-VaPUC  |9 257490 
650 0 |a Educación religiosa   |9 308312 
651 7 |a CHILE  |2 CL-VaPUC  |9 379372 
583 |a last modification  |c 19970317 00:00:00  |k Rodrigo Vera 
999 |c 256520  |d 256518 
952 |0 0  |1 0  |4 0  |6 278_300000000000000_ALI_1985  |7 0  |8 DER_HDC  |9 279300  |a BIBDER  |b BIBDER  |d 2019-11-19  |i 181141K  |l 1  |o 278.3 ALI 1985  |p 181141K  |r 2023-01-25  |s 2020-03-16  |w 2019-11-19  |x Ubicación 4to Piso  |y BK  |z Estos recursos deben solicitarse con anticipación  |k DER 
952 |0 0  |1 0  |4 0  |6 278_300000000000000_ALI_1985  |7 0  |8 A  |9 279301  |a BIBTEO  |b BIBTEO  |d 2019-11-19  |i 2091070  |o 278.3 ALI 1985  |p 2091070  |r 2025-01-17  |w 2019-11-19  |y BK  |k ICR 
952 |0 0  |1 0  |4 0  |6 278_300000000000000_ALI_1985  |7 0  |8 A  |9 279302  |a BIBTEO  |b BIBTEO  |d 2019-11-19  |i 2100304  |o 278.3 ALI 1985  |p 2100304  |r 2025-01-17  |w 2019-11-19  |y BK  |k ICR 
952 |0 0  |1 0  |4 0  |6 278_300000000000000_ALI_1985  |7 0  |8 A  |9 279303  |a BIBTEO  |b BIBTEO  |d 2019-11-19  |i 2100290  |o 278.3 ALI 1985  |p 2100290  |r 2025-01-17  |w 2019-11-19  |y BK  |k ICR